[Event "DVM U16 2017"]
[Site "Walldorf GER"]
[Date "2017.12.27"]
[Round "1"]
[White "Jakob, Georg"]
[Black "Roseneck, Jonas"]
[Result "0-1"]
[Termination "normal"]
[Board "1.1"]
[WhiteElo "1959"]
[BlackElo "2287"]
[WhiteClock "00:08:55"]
[BlackClock "00:17:28"]
[WhiteTeam "SG Königskinder Hohentübingen"]
[BlackTeam "SG Aufbau Elbe Magdeburg"]
[PlyCount "76"]
[WhiteFideId "16224221"]
[BlackFideId "12939870"]
[EventCountry "GER"]
[EventRounds "7"]
[EventType "team-swiss"]
[EventDate "2017.12.26"]

1. e4 c5 2. Nf3 d6 3. d4 cxd4 4. Nxd4 Nf6 5. Nc3 a6 6. Be3 e6 7. Be2 Nbd7 8. g4
h6 9. Qd2 b5 10. g5 hxg5 11. Bd3 g4 12. O-O-O {[%clk 1:05:48]} Bb7 {[%clk
1:21:28]} 13. Bg5 {[%clk 0:58:21]} Be7 {[%clk 1:21:00]} 14. Rde1 {[%clk
0:53:22]} b4 {[%clk 1:14:33]} 15. Nd1 {[%clk 0:52:43]} Qa5 {[%clk 1:14:45]} 16.
Nb3 {[%clk 0:47:47]} Qc7 {[%clk 1:10:36]} 17. Kb1 {[%clk 0:36:17]} Rh5 {[%clk
1:02:47]} 18. f4 {[%clk 0:30:42]} gxf3 {[%clk 1:00:38]} 19. Bf4 {[%clk
0:29:36]} e5 {[%clk 0:59:51]} 20. Bg3 {[%clk 0:28:37]} a5 {[%clk 1:00:14]} 21.
Qf2 {[%clk 0:24:42]} a4 {[%clk 0:49:57]} 22. Nd2 {[%clk 0:23:54]} Qa5 {[%clk
0:44:32]} 23. Nc4 {[%clk 0:22:21]} Qc5 {[%clk 0:44:44]} 24. Qxf3 {[%clk
0:21:36]} d5 {[%clk 0:40:56]} 25. Nd2 {[%clk 0:18:49]} d4 {[%clk 0:41:10]} 26.
Nf2 {[%clk 0:18:19]} a3 {[%clk 0:19:18]} 27. b3 {[%clk 0:13:55]} Qc3 {[%clk
0:19:12]} 28. Nc4 {[%clk 0:14:10]} Nb6 {[%clk 0:19:40]} 29. Nd1 {[%clk
0:13:22]} Nxc4 {[%clk 0:19:59]} 30. bxc4 {[%clk 0:13:39]} Qd2 {[%clk 0:20:26]}
31. Re3 {[%clk 0:12:47]} b3 {[%clk 0:17:54]} 32. Be1 {[%clk 0:11:56]} bxa2+
{[%clk 0:18:06]} 33. Kxa2 {[%clk 0:11:54]} Qc1 {[%clk 0:18:31]} 34. Qe2 {[%clk
0:08:49]} dxe3 {[%clk 0:18:19]} 35. Bc3 {[%clk 0:09:11]} Nxe4 {[%clk 0:16:07]}
36. Qxh5 {[%clk 0:08:18]} Nxc3+ {[%clk 0:16:31]} 37. Kb3 {[%clk 0:08:39]} Qb1+
{[%clk 0:17:00]} 38. Kxc3 {[%clk 0:08:55]} Bb4# {[%clk 0:17:28]} 0-1

[Event "DVM U16 2017"]
[Site "Walldorf GER"]
[Date "2017.12.27"]
[Round "1"]
[White "Biastoch, Bennet"]
[Black "Hurm, Moritz"]
[Result "1-0"]
[Termination "normal"]
[Board "1.2"]
[WhiteElo "2234"]
[BlackElo "1690"]
[WhiteClock "00:45:00"]
[BlackClock "00:25:51"]
[WhiteTeam "SG Aufbau Elbe Magdeburg"]
[BlackTeam "SG Königskinder Hohentübingen"]
[PlyCount "35"]
[WhiteFideId "12939889"]
[BlackFideId "16235150"]
[EventCountry "GER"]
[EventRounds "7"]
[EventType "team-swiss"]
[EventDate "2017.12.26"]

1. e4 c5 2. Nf3 a6 3. c3 e6 4. d4 d5 5. exd5 exd5 6. Bd3 Nf6 {[%clk 1:31:33]}
7. O-O {[%clk 1:27:47]} cxd4 {[%clk 1:29:40]} 8. cxd4 {[%clk 1:23:39]} Bd6
{[%clk 1:28:39]} 9. Re1+ {[%clk 1:20:13]} Be6 {[%clk 1:28:38]} 10. Ng5 {[%clk
1:19:52]} O-O {[%clk 1:24:12]} 11. Rxe6 {[%clk 1:05:41]} fxe6 {[%clk 1:19:29]}
12. Nxe6 {[%clk 1:06:03]} Bxh2+ {[%clk 1:16:13]} 13. Kh1 {[%clk 1:03:50]} Qc8
{[%clk 1:01:54]} 14. Nxf8 {[%clk 0:59:10]} Ng4 {[%clk 0:59:02]} 15. Be3 {[%clk
0:53:00]} Bf4 {[%clk 0:43:48]} 16. Bxh7+ {[%clk 0:46:48]} Kxf8 {[%clk 0:43:43]}
17. Qf3 {[%clk 0:45:54]} Nf6 {[%clk 0:25:51]} 18. Qxf4 {[%clk 0:45:00]} 1-0

[Event "DVM U16 2017"]
[Site "Walldorf GER"]
[Date "2017.12.27"]
[Round "1"]
[White "Hurm, Yannik"]
[Black "Wagner, Benjamin"]
[Result "0-1"]
[Termination "normal"]
[Board "1.3"]
[WhiteElo "1646"]
[BlackElo "2005"]
[WhiteClock "00:07:34"]
[BlackClock "00:09:02"]
[WhiteTeam "SG Königskinder Hohentübingen"]
[BlackTeam "SG Aufbau Elbe Magdeburg"]
[PlyCount "84"]
[WhiteFideId "16235169"]
[BlackFideId "12957330"]
[EventCountry "GER"]
[EventRounds "7"]
[EventType "team-swiss"]
[EventDate "2017.12.26"]

1. e4 e5 2. Nf3 Nc6 3. Bb5 a6 4. Ba4 Nf6 5. d3 b5 6. Bb3 Bc5 7. O-O d6 8. a4
Bd7 9. c3 h6 10. h3 O-O 11. Re1 Rb8 12. axb5 axb5 13. Nbd2 {[%clk 1:31:34]} Nh7
{[%clk 1:12:27]} 14. Nf1 {[%clk 1:30:33]} Qf6 {[%clk 1:10:42]} 15. Ng3 {[%clk
1:29:57]} Ng5 {[%clk 1:07:50]} 16. Bxg5 {[%clk 1:22:28]} hxg5 {[%clk 1:07:58]}
17. Qd2 {[%clk 1:20:40]} g4 {[%clk 0:57:01]} 18. hxg4 {[%clk 1:17:23]} Bxg4
{[%clk 0:57:13]} 19. Nh2 {[%clk 1:16:46]} Bd7 {[%clk 0:56:12]} 20. Nhf1 {[%clk
1:08:49]} g6 {[%clk 0:51:18]} 21. Ne3 {[%clk 1:06:12]} Kg7 {[%clk 0:43:12]} 22.
Nef5+ {[%clk 0:52:02]} Bxf5 {[%clk 0:40:17]} 23. exf5 {[%clk 0:52:10]} Rh8
{[%clk 0:34:21]} 24. fxg6 {[%clk 0:51:18]} fxg6 {[%clk 0:34:06]} 25. Re4 {[%clk
0:45:05]} Rbf8 {[%clk 0:32:32]} 26. Rf1 {[%clk 0:43:34]} Ne7 {[%clk 0:26:07]}
27. d4 {[%clk 0:41:11]} Nf5 {[%clk 0:20:39]} 28. Nxf5+ {[%clk 0:22:50]} Qxf5
{[%clk 0:20:37]} 29. Re3 {[%clk 0:20:24]} Bb6 {[%clk 0:17:20]} 30. Rf3 {[%clk
0:20:04]} Qh5 {[%clk 0:16:50]} 31. Rh3 {[%clk 0:20:04]} Qg4 {[%clk 0:16:47]}
32. Bd1 {[%clk 0:18:09]} Qe6 {[%clk 0:16:12]} 33. Rxh8 {[%clk 0:16:18]} Rxh8
{[%clk 0:16:40]} 34. Re1 {[%clk 0:15:49]} Qf6 {[%clk 0:12:52]} 35. Re3 {[%clk
0:14:43]} exd4 {[%clk 0:08:57]} 36. Rf3 {[%clk 0:09:39]} Qe5 {[%clk 0:07:55]}
37. Bb3 {[%clk 0:09:04]} Qh2+ {[%clk 0:07:03]} 38. Kf1 {[%clk 0:09:26]} Qh1+
{[%clk 0:07:29]} 39. Ke2 {[%clk 0:09:50]} Re8+ {[%clk 0:07:55]} 40. Kd3 {[%clk
0:08:45]} Qb1+ {[%clk 0:08:19]} 41. Bc2 {[%clk 0:07:54]} Qf1+ {[%clk 0:08:42]}
42. Qe2 {[%clk 0:07:34]} Qxe2# {[%clk 0:09:02]} 0-1

[Event "DVM U16 2017"]
[Site "Walldorf GER"]
[Date "2017.12.27"]
[Round "1"]
[White "Hoffmann, Lennard"]
[Black "Aptyka, Tim"]
[Result "1-0"]
[Termination "normal"]
[Board "1.4"]
[WhiteElo "2041"]
[BlackElo "1530"]
[WhiteClock "00:04:40"]
[BlackClock "00:03:26"]
[WhiteTeam "SG Aufbau Elbe Magdeburg"]
[BlackTeam "SG Königskinder Hohentübingen"]
[PlyCount "67"]
[WhiteFideId "12943495"]
[BlackFideId "16255860"]
[EventCountry "GER"]
[EventRounds "7"]
[EventType "team-swiss"]
[EventDate "2017.12.26"]

1. e4 c5 2. Nf3 a6 3. c3 e6 4. d4 d5 5. e5 Bd7 6. Bd3 Bb5 7. Bc2 cxd4 8. cxd4
Bb4+ 9. Bd2 Bxd2+ 10. Qxd2 f6 {[%clk 1::19:43]} 11. a4 {[%clk 1:29:46]} Bd7
{[%clk 1:18:16]} 12. O-O {[%clk 1:27:35]} fxe5 {[%clk 1:15:06]} 13. Nxe5 {[%clk
1:26:08]} Nc6 {[%clk 1:13:30]} 14. Re1 {[%clk 1:13:19]} Nxe5 {[%clk 1:12:01]}
15. Rxe5 {[%clk 1:12:19]} Nf6 {[%clk 1:09:08]} 16. Ra3 {[%clk 1:08:06]} O-O
{[%clk 1:07:03]} 17. Rg3 {[%clk 1:07:31]} Rc8 {[%clk 1:01:52]} 18. Nc3 {[%clk
1:07:15]} b5 {[%clk 0:56:25]} 19. Qh6 {[%clk 1:03:13]} Rf7 {[%clk 0:53:12]} 20.
Reg5 {[%clk 0:47:49]} Qf8 {[%clk 0:46:51]} 21. Rh5 {[%clk 0:34:03]} Kh8 {[%clk
0:42:07]} 22. Qg6 {[%clk 0:31:21]} h6 {[%clk 0:38:28]} 23. Rf3 {[%clk 0:23:31]}
Qg8 {[%clk 0:34:21]} 24. Rh4 {[%clk 0:20:00]} Be8 {[%clk 0:30:11]} 25. Rfh3
{[%clk 0:16:15]} Rcc7 {[%clk 0:19:18]} 26. g4 {[%clk 0:15:07]} Ne4 {[%clk
0:15:28]} 27. Nxe4 {[%clk 0:09:59]} dxe4 {[%clk 0:13:46]} 28. Qxe4 {[%clk
0:09:51]} Rf6 {[%clk 0:13:13]} 29. Qe5 {[%clk 0:06:55]} Qf7 {[%clk 0:09:09]}
30. g5 {[%clk 0:05:15]} Rg6 {[%clk 0:08:40]} 31. Bxg6 {[%clk 0:05:04]} Rc1+
{[%clk 0:08:43]} 32. Kg2 {[%clk 0:05:31]} Bc6+ {[%clk 0:08:39]} 33. d5 {[%clk
0:04:30]} exd5 {[%clk 0:03:26]} 34. Rxh6+ {[%clk 0:04:40]} 1-0

[Event "DVM U16 2017"]
[Site "Walldorf GER"]
[Date "2017.12.27"]
[Round "1"]
[White "Engel, Luis"]
[Black "Färber, David"]
[Result "1-0"]
[Termination "normal"]
[Board "2.1"]
[WhiteElo "2362"]
[BlackElo "2147"]
[WhiteClock "00:07:13"]
[BlackClock "00:06:41"]
[WhiteTeam "Hamburger SK"]
[BlackTeam "SV 1947 Walldorf"]
[PlyCount "111"]
[WhiteFideId "12961523"]
[BlackFideId "12971294"]
[EventCountry "GER"]
[EventRounds "7"]
[EventType "team-swiss"]
[EventDate "2017.12.26"]

1. e4 c5 2. Nf3 e6 3. d4 cxd4 4. Nxd4 Nc6 5. Nc3 Qc7 6. Be2 Nf6 7. O-O Be7 8.
Be3 O-O 9. f4 d6 10. Qd2 Nxd4 11. Bxd4 e5 12. Be3 b6 13. f5 Bb7 14. Nd5 Bxd5
15. exd5 Ne4 16. Qd3 Nc5 {[%clk 1:00:01]} 17. Qa3 {[%clk 0:59:08]} Rac8 {[%clk
0:48:10]} 18. Bb5 {[%clk 0:51:45]} Nd7 {[%clk 0:42:20]} 19. c4 {[%clk 0:48:45]}
Nb8 {[%clk 0:34:56]} 20. Rac1 {[%clk 0:46:26]} Nd7 {[%clk 0:31:32]} 21. Kh1
{[%clk 0:40:25]} Rb8 {[%clk 0:30:54]} 22. Qa4 {[%clk 0:34:50]} Nc5 {[%clk
0:26:00]} 23. Qd1 {[%clk 0:35:11]} Kh8 {[%clk 0:25:54]} 24. Rf3 {[%clk
0:31:40]} Qc8 {[%clk 0:23:49]} 25. g4 {[%clk 0:24:54]} Qd8 {[%clk 0:22:34]} 26.
b4 {[%clk 0:21:52]} e4 {[%clk 0:17:51]} 27. Rh3 {[%clk 0:21:44]} Nd3 {[%clk
0:18:09]} 28. Rb1 {[%clk 0:18:14]} Bg5 {[%clk 0:15:22]} 29. Qd2 {[%clk
0:17:39]} f6 {[%clk 0:14:18]} 30. Bxg5 {[%clk 0:14:37]} fxg5 {[%clk 0:14:12]}
31. Re3 {[%clk 0:14:55]} Qf6 {[%clk 0:12:09]} 32. Rxe4 {[%clk 0:14:33]} Ne5
{[%clk 0:11:47]} 33. Rf1 {[%clk 0:12:26]} Rbc8 {[%clk 0:10:11]} 34. h4 {[%clk
0:09:25]} h6 {[%clk 0:08:57]} 35. hxg5 {[%clk 0:07:48]} hxg5 {[%clk 0:08:48]}
36. Kg2 {[%clk 0:06:06]} g6 {[%clk 0:07:14]} 37. Qe2 {[%clk 0:04:16]} Kg7
{[%clk 0:05:27]} 38. Bd7 {[%clk 0:03:26]} Rc7 {[%clk 0:04:41]} 39. Be6 {[%clk
0:03:44]} a5 {[%clk 0:04:21]} 40. c5 {[%clk 0:00:51]} bxc5 {[%clk 0:03:40]} 41.
bxa5 {[%clk 0:30:09]} c4 {[%clk 0:28:31]} 42. a6 {[%clk 0:26:07]} c3 {[%clk
0:23:57]} 43. Rb4 {[%clk 0:23:50]} Rh8 {[%clk 0:10:36]} 44. Qe3 {[%clk
0:16:16]} Nc4 {[%clk 0:07:50]} 45. Rxc4 {[%clk 0:11:17]} Rxc4 {[%clk 0:08:05]}
46. Qa7+ {[%clk 0:11:38]} Kf8 {[%clk 0:08:23]} 47. fxg6 {[%clk 0:10:14]} Rf4
{[%clk 0:08:40]} 48. g7+ {[%clk 0:10:06]} Qxg7 {[%clk 0:08:52]} 49. Qb8+ {[%clk
0:09:59]} Ke7 {[%clk 0:09:12]} 50. Qc7+ {[%clk 0:10:19]} Kf6 {[%clk 0:08:19]}
51. Qxc3+ {[%clk 0:10:02]} Kg6 {[%clk 0:08:40]} 52. Bf5+ {[%clk 0:07:37]} Kf7
{[%clk 0:07:53]} 53. Qc7+ {[%clk 0:07:58]} Kg8 {[%clk 0:07:04]} 54. Be6+ {[%clk
0:07:00]} Kh7 {[%clk 0:07:20]} 55. Rh1+ {[%clk 0:07:14]} Kg6 {[%clk 0:06:41]}
56. Qc2+ {[%clk 0:07:13]} 1-0

[Event "DVM U16 2017"]
[Site "Walldorf GER"]
[Date "2017.12.27"]
[Round "1"]
[White "Ivanov, Iliyan"]
[Black "Engel, Robert"]
[Result "0-1"]
[Termination "normal"]
[Board "2.2"]
[WhiteElo "1556"]
[BlackElo "1942"]
[WhiteClock "00:05:21"]
[BlackClock "00:06:17"]
[WhiteTeam "SV 1947 Walldorf"]
[BlackTeam "Hamburger SK"]
[PlyCount "68"]
[WhiteFideId "16247329"]
[BlackFideId "12974684"]
[EventCountry "GER"]
[EventRounds "7"]
[EventType "team-swiss"]
[EventDate "2017.12.26"]

1. d4 Nf6 2. Nf3 g6 3. c4 Bg7 4. Nc3 O-O 5. e3 d6 6. Be2 Nbd7 7. b3 e5 8. Bb2
c6 9. O-O Qc7 10. Rc1 Ne8 {[%clk 1:16:22]} 11. d5 {[%clk 1:10:40]} c5 {[%clk
1:10:22]} 12. e4 {[%clk 1:04:46]} Bh6 {[%clk 1:04:12]} 13. Rb1 {[%clk 1:01:52]}
f5 {[%clk 1:00:49]} 14. Nd2 {[%clk 1:01:03]} f4 {[%clk 0:56:28]} 15. Bg4 {[%clk
1:00:05]} Bg7 {[%clk 0:51:51]} 16. Be6+ {[%clk 0:52:03]} Kh8 {[%clk 0:52:13]}
17. Nf3 {[%clk 0:49:28]} Qd8 {[%clk 0:51:33]} 18. g3 {[%clk 0:43:38]} Qf6
{[%clk 0:44:19]} 19. Kg2 {[%clk 0:40:34]} g5 {[%clk 0:40:46]} 20. Nb5 {[%clk
0:30:34]} a6 {[%clk 0:35:18]} 21. Nxd6 {[%clk 0:24:31]} Nxd6 {[%clk 0:27:59]}
22. Bxd7 {[%clk 0:24:46]} Bxd7 {[%clk 0:24:56]} 23. Bxe5 {[%clk 0:23:46]} Qh6
{[%clk 0:20:39]} 24. Bxd6 {[%clk 0:23:19]} Qxd6 {[%clk 0:19:11]} 25. Nxg5
{[%clk 0:23:00]} Qg6 {[%clk 0:16:29]} 26. Nf3 {[%clk 0:16:20]} Qxe4 {[%clk
0:13:13]} 27. h3 {[%clk 0:12:47]} h5 {[%clk 0:09:41]} 28. Re1 {[%clk 0:10:03]}
Qf5 {[%clk 0:09:48]} 29. Rh1 {[%clk 0:09:44]} fxg3 {[%clk 0:08:10]} 30. fxg3
{[%clk 0:09:54]} Rae8 {[%clk 0:07:21]} 31. g4 {[%clk 0:07:11]} Qf4 {[%clk
0:07:35]} 32. gxh5 {[%clk 0:07:12]} Re3 {[%clk 0:06:06]} 33. Rf1 {[%clk
0:07:25]} Bf5 {[%clk 0:06:02]} 34. Ra1 {[%clk 0:05:21]} Be4 {[%clk 0:06:17]}
0-1

[Event "DVM U16 2017"]
[Site "Walldorf GER"]
[Date "2017.12.27"]
[Round "1"]
[White "Fuhrmann, Äke"]
[Black "Baureis, Julian"]
[Result "1-0"]
[Termination "normal"]
[Board "2.3"]
[WhiteElo "1760"]
[BlackElo "1609"]
[WhiteClock "00:08:40"]
[BlackClock "00:04:55"]
[WhiteTeam "Hamburger SK"]
[BlackTeam "SV 1947 Walldorf"]
[PlyCount "81"]
[WhiteFideId "12983853"]
[BlackFideId "12991112"]
[EventCountry "GER"]
[EventRounds "7"]
[EventType "team-swiss"]
[EventDate "2017.12.26"]

1. c4 e5 2. g3 Nc6 3. Bg2 Bc5 4. Nc3 a6 5. e3 d6 6. Nge2 Ba7 7. d4 exd4 8. exd4
Nge7 9. O-O Bg4 10. Be3 O-O 11. h3 Bh5 12. Qd2 f6 {[%clk 0:51:21]} 13. Nf4
{[%clk 0:42:22]} Bf7 {[%clk 0:50:36]} 14. b3 {[%clk 0:38:43]} Qd7 {[%clk
0:42:57]} 15. d5 Bxe3 {[%clk 0:40:57]} 16. Qxe3 {[%clk 0:32:20]} Ne5 {[%clk
0:38:35]} 17. Nce2 {[%clk 0:30:07]} Nf5 {[%clk 0:35:51]} 18. Qd2 {[%clk
0:29:46]} Rfe8 {[%clk 0:28:14]} 19. Qc2 {[%clk 0:26:04]} Ng6 {[%clk 0:15:48]}
20. Be4 {[%clk 0:21:46]} Rxe4 {[%clk 0:13:13]} 21. Qxe4 {[%clk 0:20:13]} Re8
{[%clk 0:13:24]} 22. Qc2 {[%clk 0:16:16]} Nxf4 {[%clk 0:11:38]} 23. Nxf4 {[%clk
0:15:26]} g5 {[%clk 0:11:52]} 24. Ne6 {[%clk 0:12:34]} Bg6 {[%clk 0:10:08]} 25.
Qc3 {[%clk 0:12:02]} Kf7 {[%clk 0:10:23]} 26. Rae1 {[%clk 0:08:57]} h5 {[%clk
0:08:58]} 27. Kg2 {[%clk 0:07:59]} c6 {[%clk 0:07:16]} 28. Nd4 {[%clk 0:06:54]}
h4 {[%clk 0:05:45]} 29. Rxe8 {[%clk 0:06:18]} Qxe8 {[%clk 0:05:39]} 30. Re1
{[%clk 0:06:30]} Qc8 {[%clk 0:05:35]} 31. Nxf5 {[%clk 0:06:43]} Bxf5 {[%clk
0:05:11]} 32. g4 {[%clk 0:06:49]} Bxg4 {[%clk 0:03:32]} 33. hxg4 {[%clk
0:07:11]} Qxg4+ {[%clk 0:03:57]} 34. Kh1 {[%clk 0:07:22]} f5 {[%clk 0:03:27]}
35. Qe3 {[%clk 0:07:27]} h3 {[%clk 0:03:06]} 36. Qe7+ {[%clk 0:07:26]} Kg8
{[%clk 0:03:23]} 37. Qe8+ {[%clk 0:07:44]} Kg7 {[%clk 0:03:47]} 38. Re7+ {[%clk
0:08:03]} Kh6 {[%clk 0:04:05]} 39. Qh8+ {[%clk 0:08:27]} Kg6 {[%clk 0:04:27]}
40. Qh7+ {[%clk 0:08:40]} Kf6 {[%clk 0:04:55]} 41. Qg7# 1-0

[Event "DVM U16 2017"]
[Site "Walldorf GER"]
[Date "2017.12.27"]
[Round "1"]
[White "Zwecker, Hagen"]
[Black "Foo, Tzun Hong"]
[Result "0-1"]
[Termination "normal"]
[Board "2.4"]
[WhiteElo "1236"]
[BlackElo "1929"]
[WhiteClock "00:34:33"]
[BlackClock "00:35:06"]
[WhiteTeam "SV 1947 Walldorf"]
[BlackTeam "Hamburger SK"]
[PlyCount "58"]
[WhiteFideId "12991007"]
[BlackFideId "12974200"]
[EventCountry "GER"]
[EventRounds "7"]
[EventType "team-swiss"]
[EventDate "2017.12.26"]

1. e4 c5 2. Nf3 d6 3. Bb5+ Nd7 4. O-O a6 5. Bd3 Ngf6 6. b3 e6 7. Nc3 Be7 8. Bb2
O-O 9. a4 b6 {[%clk 1:26:22]} 10. Re1 {[%clk 1:21:48]} Bb7 {[%clk 1:25:28]} 11.
h3 {[%clk 1:17:41]} Qc7 {[%clk 1:22:32]} 12. Re2 {[%clk 1:13:14]} Rab8 {[%clk
1:21:36]} 13. Qe1 {[%clk 1:10:59]} Nh5 {[%clk 1:19:54]} 14. Re3 {[%clk
1:08:56]} Nf4 {[%clk 1:19:30]} 15. Bc4 {[%clk 1:07:42]} Bf6 {[%clk 1:18:08]}
16. Bf1 {[%clk 0:58:18]} d5 {[%clk 1:15:39]} 17. e5 {[%clk 0:57:23]} Be7 {[%clk
1:15:04]} 18. d4 {[%clk 0:57:15]} cxd4 {[%clk 1:14:21]} 19. Nxd4 {[%clk
0:56:10]} Bc5 {[%clk 1:14:42]} 20. Nce2 {[%clk 0:52:52]} Ng6 {[%clk 0:57:54]}
21. Ng3 {[%clk 0:48:38]} Ndxe5 {[%clk 0:51:15]} 22. a5 {[%clk 0:40:40]} Nc6
{[%clk 0:47:11]} 23. Nxc6 {[%clk 0:39:47]} Bxc6 {[%clk 0:43:48]} 24. Rd3 {[%clk
0:38:59]} Bb5 {[%clk 0:41:29]} 25. c4 {[%clk 0:35:12]} dxc4 {[%clk 0:37:54]}
26. bxc4 {[%clk 0:35:36]} Bxc4 {[%clk 0:36:14]} 27. Qc3 {[%clk 0:35:57]} f6
{[%clk 0:34:24]} 28. Qxc4 {[%clk 0:35:59]} Bxf2+ {[%clk 0:34:46]} 29. Kxf2
{[%clk 0:34:33]} Qxc4 {[%clk 0:35:06]} 0-1

[Event "DVM U16 2017"]
[Site "Walldorf GER"]
[Date "2017.12.27"]
[Round "1"]
[White "Yaroshenko, Yaroslav"]
[Black "Elier, Ali"]
[Result "0-1"]
[Termination "normal"]
[Board "3.1"]
[WhiteElo "1655"]
[BlackElo "1910"]
[WhiteClock "00:02:28"]
[BlackClock "00:27:12"]
[WhiteTeam "SK Gräfelfing"]
[BlackTeam "SF Brackel"]
[PlyCount "78"]
[WhiteFideId "16204905"]
[BlackFideId "16217543"]
[EventCountry "GER"]
[EventRounds "7"]
[EventType "team-swiss"]
[EventDate "2017.12.26"]

1. e4 e5 2. Nf3 Nc6 3. d4 exd4 4. Bc4 Nf6 5. e5 d5 6. Bb5 Ne4 7. Nxd4 Bc5 8.
Bxc6+ bxc6 9. O-O Ba6 10. Ne2 Qh4 11. Be3 Bxe3 12. fxe3 {[%clk 1:14:05]} Qg5
{[%clk 1:24:28]} 13. Rf3 {[%clk 1:08:52]} Bxe2 {[%clk 1:23:58]} 14. Qxe2 {[%clk
1:08:58]} Qxe5 {[%clk 1:24:16]} 15. c3 {[%clk 1:07:21]} O-O {[%clk 1:23:32]}
16. Nd2 {[%clk 1:04:48]} Rab8 {[%clk 1:20:42]} 17. Nxe4 {[%clk 1:00:42]} Qxe4
{[%clk 1:15:58]} 18. Rf4 {[%clk 0:56:50]} Qe5 {[%clk 1:15:38]} 19. Raf1 {[%clk
0:57:06]} f6 {[%clk 1:07:11]} 20. R1f3 {[%clk 0:54:32]} Rfe8 {[%clk 1:05:51]}
21. Qf2 {[%clk 0:53:18]} c5 {[%clk 1:03:49]} 22. Rh3 {[%clk 0:36:15]} Re7
{[%clk 0:59:28]} 23. Qc2 {[%clk 0:34:07]} g6 {[%clk 0:59:13]} 24. Qf2 {[%clk
0:30:24]} Rb6 {[%clk 0:48:58]} 25. Rhf3 {[%clk 0:25:16]} Kg7 {[%clk 0:47:49]}
26. h4 {[%clk 0:22:42]} Ra6 {[%clk 0:47:28]} 27. a3 {[%clk 0:22:06]} c4 {[%clk
0:47:29]} 28. h5 {[%clk 0:20:52]} Qxh5 {[%clk 0:41:21]} 29. Rxf6 {[%clk
0:18:44]} Rxf6 {[%clk 0:41:31]} 30. Rxf6 {[%clk 0:19:12]} Qe5 {[%clk 0:40:30]}
31. Rf3 {[%clk 0:16:23]} c6 {[%clk 0:38:44]} 32. Qh4 {[%clk 0:12:44]} g5 {[%clk
0:28:53]} 33. Qf2 {[%clk 0:11:33]} h6 {[%clk 0:28:54]} 34. g4 {[%clk 0:01:08]}
Qe4 {[%clk 0:29:00]} 35. Qg3 {[%clk 0:01:36]} Qb1+ {[%clk 0:28:05]} 36. Kg2
{[%clk 0:01:41]} Qxb2+ {[%clk 0:28:16]} 37. Rf2 {[%clk 0:02:08]} Qxc3 {[%clk
0:28:10]} 38. Qf3 {[%clk 0:02:22]} Qe5 {[%clk 0:26:56]} 39. Qf8+ {[%clk
0:02:28]} Kg6 {[%clk 0:27:12]} 0-1

[Event "DVM U16 2017"]
[Site "Walldorf GER"]
[Date "2017.12.27"]
[Round "1"]
[White "Garbuz, Vitaliy"]
[Black "Khamenya, Vitalia"]
[Result "1-0"]
[Termination "normal"]
[Board "3.2"]
[WhiteElo "2022"]
[BlackElo "1881"]
[WhiteClock "00:24:11"]
[BlackClock "00:17:39"]
[WhiteTeam "SF Brackel"]
[BlackTeam "SK Gräfelfing"]
[PlyCount "91"]
[WhiteFideId "12990710"]
[BlackFideId "12959260"]
[EventCountry "GER"]
[EventRounds "7"]
[EventType "team-swiss"]
[EventDate "2017.12.26"]

1. e4 e5 2. Nf3 Nc6 3. Bc4 Nf6 4. d4 exd4 5. e5 d5 6. Bb5 Ne4 7. Nxd4 Bd7 8.
Bxc6 bxc6 9. O-O Bc5 10. f3 Ng5 11. f4 Ne4 12. Nc3 Bg4 13. Qd3 Bb6 14. Be3
{[%clk 0:49:56]} c5 {[%clk 0:54:05]} 15. Nf3 {[%clk 0:44:09]} c4 {[%clk
0:42:19]} 16. Qe2 {[%clk 0:43:21]} Nc5 {[%clk 0:33:09]} 17. Rad1 {[%clk
0:42:03]} c6 {[%clk 0:32:54]} 18. h3 {[%clk 0:41:13]} Bxf3 {[%clk 0:30:15]} 19.
Qxf3 {[%clk 0:39:09]} Qc7 {[%clk 0:27:13]} 20. a4 {[%clk 0:35:56]} Nd7 {[%clk
0:20:47]} 21. Rfe1 {[%clk 0:27:32]} O-O {[%clk 0:20:59]} 22. Ne2 {[%clk
0:26:13]} Rad8 {[%clk 0:20:04]} 23. Nd4 {[%clk 0:23:53]} Nc5 {[%clk 0:18:19]}
24. f5 {[%clk 0:19:54]} Rde8 {[%clk 0:11:43]} 25. Bf4 {[%clk 0:17:04]} Qd7
{[%clk 0:10:20]} 26. f6 {[%clk 0:12:53]} Ne6 {[%clk 0:10:00]} 27. Qg4 {[%clk
0:12:34]} Rd8 {[%clk 0:04:08]} 28. Kh1 {[%clk 0:09:53]} Kh8 {[%clk 0:03:18]}
29. Bg5 {[%clk 0:05:55]} g6 {[%clk 0:01:52]} 30. Nxe6 {[%clk 0:04:37]} Qxe6
{[%clk 0:00:59]} 31. Qxe6 {[%clk 0:04:32]} fxe6 {[%clk 0:01:28]} 32. f7 {[%clk
0:03:43]} Rxf7 {[%clk 0:01:47]} 33. Bxd8 {[%clk 0:04:03]} Bxd8 {[%clk 0:02:12]}
34. Rf1 {[%clk 0:03:53]} Kg7 {[%clk 0:00:56]} 35. Rxf7+ {[%clk 0:01:29]} Kxf7
{[%clk 0:01:25]} 36. g4 {[%clk 0:00:50]} Bc7 {[%clk 0:01:09]} 37. Re1 {[%clk
0:00:58]} Bb6 {[%clk 0:00:46]} 38. Kg2 {[%clk 0:00:37]} Bd4 {[%clk 0:00:39]}
39. c3 {[%clk 0:00:39]} Bb6 {[%clk 0:00:53]} 40. Kf3 {[%clk 0:00:38]} c5 {[%clk
0:00:56]} 41. Rd1 {[%clk 0:30:58]} Bd8 {[%clk 0:25:11]} 42. Rb1 {[%clk
0:30:58]} a5 {[%clk 0:25:11]} 43. b4 {[%clk 0:30:58]} cxb4 {[%clk 0:25:11]} 44.
cxb4 {[%clk 0:30:58]} axb4 {[%clk 0:25:11]} 45. Rxb4 {[%clk 0:30:58]} g5 {[%clk
0:17:39]} 46. Rb5 {[%clk 0:24:11]} 1-0